Encyclopedia of bioprocess technology : fermentation, biocatalysis, and bioseparation. V.5 : [Py-Y]

সংরক্ষণ করুন:
গ্রন্থ-পঞ্জীর বিবরন
বিন্যাস: গ্রন্থ
ভাষা:English
প্রকাশিত: New York ; Chichester : John Wiley and Sons, 1999.
বিষয়গুলি:
ট্যাগগুলো: ট্যাগ যুক্ত করুন
কোনো ট্যাগ নেই, প্রথমজন হিসাবে ট্যাগ করুন!
Thư viện lưu trữ: Mạng thư viện Đại học Đà Nẵng
LEADER 00880cam a2200313 i 4500
001 000045706
003 4901
005 20030304112102.0
008 010220|1999 vm 000 eng
020 |a 0471166642 
040 |a IRC  |c IRC  |d IRC 
041 0 |a eng 
082 1 4 |a 660.603  |b En-B 
245 0 0 |a Encyclopedia of bioprocess technology :  |b fermentation, biocatalysis, and bioseparation.  |n V.5 :  |p [Py-Y] 
260 |a New York ; Chichester :  |b John Wiley and Sons,  |c 1999. 
300 |a 5v. (xvii, 2756p.) :  |b ill. 
630 0 4 |a Encyclopedias. 
630 0 4 |a Biochemical engineering. 
650 0 4 |a Biochemical engineering  |v Encyclopedias. 
OWN |a DUT 
999 |a From the UDN01 
TYP |a Monograph 
TYP |a Printed language 
980 |a Mạng thư viện Đại học Đà Nẵng